000 01034nam a2200277Ia 4500
003 OSt
005 20220923211209.0
006 a|||||r|||| 00| 0
007 ta
008 220922b |||||||| |||| 00| 0 hin d
020 _a9788121407243 (hbk)
_c300
024 _a324,646
037 _b1294, 13/03/2018, Akshar Publishers & Distributors
_cTextual
040 _aARTS
_cARTS
_bhin
041 _2hin
_ahin
082 _aO152,3N5013,GT, Q5
100 _aराज कमल, ले.
_9159476
245 0 _aघर तिकोने नहीं होते
246 _aGhar tikone nahīan hote
260 _aनई दिल्ली
_b नेशनल पब्लिशिंग हाउस
_c2015
300 _a143पृ.
_ccm.
650 _a हिन्दी साहित्य
_9156264
650 _aहिन्दी कहानी
942 _hO152,3N5013,GT, Q5
_cTEXL
_2CC
999 _c296697
_d296697